World's famous rivers - Statistics

General Stats
  • This quiz has been taken 217 times
  • The average score is 6 of 10
Answer Stats
Hint Answer % Correct
It flows through 11 African countries: Tanzania, Uganda, the Democratic Republic of the Congo, Rwanda, Burundi, Ethiopia, Kenya, Eritrea, South Sudan, Sudan and Egypt. This river also has two tributaries with its own name prefixed by white and blue Nile
89%
This river originates in Peru and so huge that it provides 20% of the ocean’s fresh-water supply Amazon
87%
This river originates in Himalayas and has the most populated river basin in the world Ganges
81%
It's the second-longest River in the United States and It's home to 25% of All North American fish species Mississippi
74%
This river flows through the mountain range of the Alps Rhine
64%
It rises in the Kailash region of the Tibetian Himalayas, is trans countries, and is the longest river in Pakistan. It is also home to endangered blind dolphins Indus
57%
The source of this river is the Atlantic Ocean's Guinea Highlands in Guinea and one of Western Africa's major rivers Niger
56%
This is world's third longest river and the longest in the world to flow entirely within one country Yangtze
50%
This river’s name came from the Sanskrit words “Brahma” and “Putra” (son), which means son of Brahma. It is a transboundary river that flows through Tibet, Northeastern India, and Bangladesh Brahmaputra
39%
With almost 2000 km of it being navigable, it is the third longest navigable river on the planet, with only the Amazon and Nile rivers ahead of it. It also has its own flag. Murray
10%
No matching quizzes found
Score Distribution
Percent of People with Each Score
Percentile by Number Answered
Your Score History
You have not taken this quiz